Možnosti financovania vedy a výskumu z prostriedkov štátneho rozpočtu bakalárska práca

Gespeichert in:
Bibliographische Detailangaben
1. Verfasser: Tomečková, Denisa
Körperschaft: Národohospodárska fakulta EU. Katedra financií
Weitere Verfasser: Neubauerová, Erika, 1968-
Format: Buch
Sprache:Slowakisch
Veröffentlicht: Bratislava 2016
Tags: Tag hinzufügen
Keine Tags, Fügen Sie das erste Tag hinzu!

MARC

LEADER 00000nbm a2200000 4500
001 0219682
005 20161221100833.0
041 0 |a slo 
044 |a SK 
245 1 0 |a Možnosti financovania vedy a výskumu z prostriedkov štátneho rozpočtu  |b bakalárska práca  |c Denisa Tomečková ; školiteľ: Erika Neubauerová 
264 1 |a Bratislava  |c 2016 
300 |a 52 s. 
100 1 |a Tomečková, Denisa 
700 1 |a Neubauerová, Erika, 1968- 
710 2 |a Národohospodárska fakulta EU. Katedra financií